Las 50 primeras palabras en la RAE (Diccionario de la lengua española) - Estadísticas

Estadísticas generales
  • Esta prueba ha sido intentada 25 veces
  • La puntuación promedio es 9 de 50
Estadísticas de respuestas
Palabras % Correcto
A
100%
Abanico
52%
Ábaco
48%
Abajo
48%
Abeja
48%
Abad
43%
Abatí
39%
Abatir
35%
Abecé
35%
Abecedario
30%
Abadía
26%
Abanicar
26%
Abarca
26%
Abastecer
26%
Abastecimiento
26%
Abasto
26%
Abejorro
26%
Abalorio
22%
Abarcar
22%
Abandono
17%
Abaratar
17%
Abatido
17%
Abandonar
13%
Abatimiento
13%
Abducir
13%
Abedul
13%
Abertura
13%
Abanderado
9%
Abanderar
9%
Abasí
9%
Abbasí
9%
Abdicar
9%
Abdomen
9%
Abdominal
9%
Abejaruco
9%
Aberración
9%
Abadejo
4%
Abalear
4%
Abarrotar
4%
Abastero
4%
Abatible
4%
Abdicación
4%
Aberrante
4%
Abacorar
0%
Abalanzarse
0%
Abañejo
0%
Abarrote
0%
Abarrotería
0%
Abarrotero
0%
Abductor
0%
No se encontraron pruebas coincidentes
Distribución de puntuación
Porcentaje de gente con cada puntuación
Porcentaje por número respondido
Historial de tus puntuaciones
No has intentado esta prueba.